000 00799nam a22002890a 4500
001 PT30066
003 AR-LpoUNG
005 20210131233601.0
008 191001s1973||||xxu|||||||||||||||||spa d
040 _aAR-LpoUNG
_bspa
_cAR-LpoUNG
_eaacr
041 _aspa
044 _axxu
082 0 _aR338.1 68dic
245 1 0 _aDiccionario :
_bLocalismos agrícolas
250 _a1§ edición
260 _aWashington, D. C. :
_bOEA,
_c1973.
300 _a175 p. :
_bgráfs.
650 4 _aAGRICULTURA
650 4 _aAMERICA LATINA
650 4 _aDICCIONARIOS
650 4 _aECONOMIA
650 4 _aMATERIAL DE REFERENCIA
650 4 _aTERMINOLOGIA
710 2 _aOrganización de los Estados Americanos (Washington, D.C.). Departamento de Asuntos Educativos
905 _a30066
942 _cLSALA
999 _c21553
_d21553